00401nam a2200145Ia 4500100001700000942000700017654001400024245003800038260003600076082001300112300000800125546001200133999001700145952009300162 aMenon/M.V.G  cBK aMaterials aProperties of Elemental Materials bTata Mc Graw hillaBombayc1972 a546bMEN a247 aENGLISH c31270d31270 001040708AFTaCRCEbCRCEd2023-03-17l0o546 MENpAFT1722r2023-03-17w2023-03-17yBK